Opäť - ešte - raz

Bibliographic Details
Main Author: Hablák, Andrej, 1977- (Author)
Format: Article
Language:Slovak
ISSN:0231-6714
Subjects:

MARC

LEADER 00000nab a2200000 a 4500
001 vtls000873395
003 SK-MaSNL
005 20260302160356.0
008 131120c2004 xo 0 slo
015 |a SNBRB2004/05-15744 
035 |a CLN000224947 
040 |a SNKBUCL  |b slo  |c SNKBUCL  |e AACR2 
041 0 |a slo 
044 |a xo  |c SK 
080 |a 82.09:821.162.4-1  |2 1997 
080 |a 821.162.4-1.09  |2 1997 
100 1 |a Hablák, Andrej,  |d 1977-  |4 aut  |9 112967 
245 1 0 |a Opäť - ešte - raz  |c Andrej Hablák 
600 1 7 |a Buzássy, Ján,  |d 1935-  |t Poézia  |2 snkbucl  |9 856404 
655 7 |9 články z novín a časopisov  |2 snkbucl 
773 0 |t Romboid  |g Roč. 39, č. 3 (2004), s. 73  |x 0231-6714 
850 |a Slovenská národná knižnica v Martine 
852 |a SNK  |b KIS3GCP 
958 |a LX 
992 |a RBX 
999 |c 1374359  |d 1376289